<?xml version="1.0" encoding="UTF-8"?><?xml-stylesheet type="text/xsl" href="static/style.xsl"?><OAI-PMH xmlns="http://www.openarchives.org/OAI/2.0/" xmlns:xsi="http://www.w3.org/2001/XMLSchema-instance" xsi:schemaLocation="http://www.openarchives.org/OAI/2.0/ http://www.openarchives.org/OAI/2.0/OAI-PMH.xsd"><responseDate>2026-04-17T18:56:37Z</responseDate><request verb="GetRecord" identifier="oai:www.recercat.cat:10230/59431" metadataPrefix="marc">https://recercat.cat/oai/request</request><GetRecord><record><header><identifier>oai:recercat.cat:10230/59431</identifier><datestamp>2026-02-27T01:08:57Z</datestamp><setSpec>com_2072_6</setSpec><setSpec>col_2072_452952</setSpec></header><metadata><record xmlns="http://www.loc.gov/MARC21/slim" xmlns:dcterms="http://purl.org/dc/terms/" xmlns:xsi="http://www.w3.org/2001/XMLSchema-instance" xmlns:doc="http://www.lyncode.com/xoai" xsi:schemaLocation="http://www.loc.gov/MARC21/slim http://www.loc.gov/standards/marcxml/schema/MARC21slim.xsd">
   <leader>00925njm 22002777a 4500</leader>
   <datafield ind2=" " ind1=" " tag="042">
      <subfield code="a">dc</subfield>
   </datafield>
   <datafield ind2=" " ind1=" " tag="720">
      <subfield code="a">Kroese, Tiuri E.</subfield>
      <subfield code="e">author</subfield>
   </datafield>
   <datafield ind2=" " ind1=" " tag="720">
      <subfield code="a">Pera Román, Manuel</subfield>
      <subfield code="e">author</subfield>
   </datafield>
   <datafield ind2=" " ind1=" " tag="720">
      <subfield code="a">OMEC working group</subfield>
      <subfield code="e">author</subfield>
   </datafield>
   <datafield ind2=" " ind1=" " tag="260">
      <subfield code="c">2024-03-15T07:35:50Z</subfield>
   </datafield>
   <datafield ind2=" " ind1=" " tag="260">
      <subfield code="c">2024-03-15T07:35:50Z</subfield>
   </datafield>
   <datafield ind2=" " ind1=" " tag="260">
      <subfield code="c">2023</subfield>
   </datafield>
   <datafield ind2=" " ind1=" " tag="520">
      <subfield code="a">Background&#xd;
Local treatment improves the outcomes for oligometastatic disease (OMD, i.e. an intermediate state between locoregional and widespread disseminated disease). However, consensus about the definition, diagnosis and treatment of oligometastatic oesophagogastric cancer is lacking. The aim of this study was to develop a multidisciplinary European consensus statement on the definition, diagnosis and treatment of oligometastatic oesophagogastric cancer.&#xd;
&#xd;
Methods&#xd;
In total, 65 specialists in the multidisciplinary treatment for oesophagogastric cancer from 49 expert centres across 16 European countries were requested to participate in this Delphi study. The consensus finding process consisted of a starting meeting, 2 online Delphi questionnaire rounds and an online consensus meeting. Input for Delphi questionnaires consisted of (1) a systematic review on definitions of oligometastatic oesophagogastric cancer and (2) a discussion of real-life clinical cases by multidisciplinary teams. Experts were asked to score each statement on a 5-point Likert scale. The agreement was scored to be either absent/poor (&amp;lt;50%), fair (50%–75%) or consensus (≥75%).&#xd;
&#xd;
Results&#xd;
A total of 48 experts participated in the starting meeting, both Delphi rounds, and the consensus meeting (overall response rate: 71%). OMD was considered in patients with metastatic oesophagogastric cancer limited to 1 organ with ≤3 metastases or 1 extra-regional lymph node station (consensus). In addition, OMD was considered in patients without progression at restaging after systemic therapy (consensus). For patients with synchronous or metachronous OMD with a disease-free interval ≤2 years, systemic therapy followed by restaging to consider local treatment was considered as treatment (consensus). For metachronous OMD with a disease-free interval &amp;gt;2 years, either upfront local treatment or systemic treatment followed by restaging was considered as treatment (fair agreement).&#xd;
&#xd;
Conclusion&#xd;
The OMEC project has resulted in a multidisciplinary European consensus statement for the definition, diagnosis and treatment of oligometastatic oesophagogastric adenocarcinoma and squamous cell cancer. This can be used to standardise inclusion criteria for future clinical trials.</subfield>
   </datafield>
   <datafield tag="653" ind2=" " ind1=" ">
      <subfield code="a">Oesophageal cancer</subfield>
   </datafield>
   <datafield tag="653" ind2=" " ind1=" ">
      <subfield code="a">Gastric cancer</subfield>
   </datafield>
   <datafield tag="653" ind2=" " ind1=" ">
      <subfield code="a">Metastasis</subfield>
   </datafield>
   <datafield tag="653" ind2=" " ind1=" ">
      <subfield code="a">Metastasectomy</subfield>
   </datafield>
   <datafield tag="653" ind2=" " ind1=" ">
      <subfield code="a">Stereotactic body radiotherapy</subfield>
   </datafield>
   <datafield tag="653" ind2=" " ind1=" ">
      <subfield code="a">Oligometastasis</subfield>
   </datafield>
   <datafield ind2="0" ind1="0" tag="245">
      <subfield code="a">Definition, diagnosis and treatment of oligometastatic oesophagogastric cancer: A Delphi consensus study in Europe</subfield>
   </datafield>
</record></metadata></record></GetRecord></OAI-PMH>